Undocumented Migrants and their Everyday Lives (Record no. 27155)

MARC details
000 -LEADER
fixed length control field 01069nam a2200121Ia 4500
008 - FIXED-LENGTH DATA ELEMENTS--GENERAL INFORMATION
fixed length control field 220620s9999||||xx |||||||||||||| ||und||
100 ## - MAIN ENTRY--PERSONAL NAME
Personal name Jauhiainen, Jussi S.||Tedeschi, Miriam
245 #0 - TITLE STATEMENT
Title Undocumented Migrants and their Everyday Lives
Remainder of title The Case of Finland
546 ## - LANGUAGE NOTE
Language note English[eng]
650 ## - SUBJECT ADDED ENTRY--TOPICAL TERM
Topical term or geographic name entry element Migration||Public Policy||Human Geography||Human Migration||Migration Policy||Open Access||Undocumented migrants||Failing the asylum process||Undocumented migrants’ housing||Employment||Social networks||Healthcare||Migration trajectories||Use of the Internet and social media||Survey on undocumented migrants||Legislation and asylum process in Finland||Demographic and educational backgrounds||Housing and everyday life||Family and friends||Migration to, in and from Finland||Rumours in the Internet and social media||Global migration issues to the EU asylum policies||Municipalities and communities||Migration, immigration & emigration||Public administration
856 ## - ELECTRONIC LOCATION AND ACCESS
Uniform Resource Identifier <a href="https://library.oapen.org/bitstream/20.500.12657/48702/1/9783030684143.pdf">https://library.oapen.org/bitstream/20.500.12657/48702/1/9783030684143.pdf</a>
942 ## - ADDED ENTRY ELEMENTS (KOHA)
Koha item type E-Books
Holdings
Withdrawn status Lost status Damaged status Not for loan Home library Current library Date acquired Total Checkouts Date last seen Price effective from Koha item type
        Kerala University of Digital Sciences, Innovation and Technology Knowledge Centre Kerala University of Digital Sciences, Innovation and Technology Knowledge Centre 20/06/2022   20/06/2022 20/06/2022 E-Books